| 000 | 00329nam a22001217a 4500 | ||
|---|---|---|---|
| 999 |
_c14337 _d14337 |
||
| 020 | _a9788183601924 | ||
| 082 |
_a664. _bANS/OB |
||
| 100 |
_aAnsari,Irfan Ahmad _9478 |
||
| 245 | _aObjective Type Questions Bank on Food Process Engineering And Technology | ||
| 260 |
_aNew Delhi _bJain Brothers _c2013 |
||
| 300 | _a431 | ||
| 942 | _cBK | ||